Теплоемкость хлоридов щелочных металлов (NaCl, LiCl, KCl) в области температур 293-673 К; Инновационные технологии и экономика в машиностроении

Dades bibliogràfiques
Parent link:Инновационные технологии и экономика в машиностроении.— 2015.— [С. 151-154]
Autor principal: Соболева Э. Г. Эльвира Гомеровна
Autor corporatiu: Национальный исследовательский Томский политехнический университет (ТПУ) Юргинский технологический институт (филиал) (ЮТИ) Кафедра естественного научного образования (ЕНО)
Altres autors: Игишева А. Л., Литвиненко В. В.
Sumari:Заглавие с титульного экрана
Idioma:rus
Publicat: 2015
Col·lecció:Инновационные технологии получения и обработки материалов в машиностроении
Matèries:
Accés en línia:http://earchive.tpu.ru/handle/11683/19722
http://www.lib.tpu.ru/fulltext/c/2015/C30/034.pdf
Format: MixedMaterials Electrònic Capítol de llibre
KOHA link:https://koha.lib.tpu.ru/cgi-bin/koha/opac-detail.pl?biblionumber=612854

MARC

LEADER 00000naa2a2200000 4500
001 612854
005 20231102023403.0
035 |a (RuTPU)RU\TPU\conf\10985 
035 |a RU\TPU\conf\10979 
090 |a 612854 
100 |a 20150629d2015 k y0rusy50 ca 
101 0 |a rus 
102 |a RU 
105 |a y z 101zy 
135 |a drcn ---uucaa 
181 0 |a i  
182 0 |a b 
200 1 |a Теплоемкость хлоридов щелочных металлов (NaCl, LiCl, KCl) в области температур 293-673 К  |f Э. Г. Соболева, А. Л. Игишева, В. В. Литвиненко 
203 |a Текст  |c электронный 
225 1 |a Инновационные технологии получения и обработки материалов в машиностроении 
230 |a 1 компьютерный файл (pdf; 268 Кb) 
300 |a Заглавие с титульного экрана 
320 |a [Библиогр.: с. 154 (6 назв.)] 
337 |a Adobe Reader 
463 0 |0 (RuTPU)RU\TPU\conf\10375  |t Инновационные технологии и экономика в машиностроении  |o сборник трудов VI Международной научно-практической конференции, 21-23 мая 2015 г., Юрга  |f Национальный исследовательский Томский политехнический университет (ТПУ), Юргинский технологический институт (ЮТИ) ; под ред. Д. А. Чинахова  |v [С. 151-154]  |d 2015 
610 1 |a труды учёных ТПУ 
610 1 |a электронный ресурс 
610 1 |a теплоемкость 
610 1 |a хлориды 
610 1 |a щелочные металлы 
610 1 |a кристаллические диэлектрики 
610 1 |a галогениды 
700 1 |a Соболева  |b Э. Г.  |c физик  |c доцент Юргинского технологического института (филиала) Томского политехнического университета, кандидат физико-математических наук  |f 1976-  |g Эльвира Гомеровна  |2 stltpush  |3 (RuTPU)RU\TPU\pers\27511  |9 12752 
701 1 |a Игишева  |b А. Л. 
701 1 |a Литвиненко  |b В. В. 
712 0 2 |a Национальный исследовательский Томский политехнический университет (ТПУ)  |b Юргинский технологический институт (филиал) (ЮТИ)  |b Кафедра естественного научного образования (ЕНО)  |h 7134  |2 stltpush  |3 (RuTPU)RU\TPU\col\18894 
801 2 |a RU  |b 63413507  |c 20210205  |g RCR 
856 4 |u http://earchive.tpu.ru/handle/11683/19722 
856 4 |u http://www.lib.tpu.ru/fulltext/c/2015/C30/034.pdf 
942 |c BK